=LDR 00000nam 2200000 4500 =001 INLIS000000000003933 =005 20130612092229 =008 ***********************************Ind** =035 ##$$0010-061300000003933 =041 ##$$a Ind =082 ##$$a 92(Ghazali) =090 ##$$a 92(Ghazali), Bas a =100 ##$$a Basil, Victor Said =245 ##$$a Al-Ghazali mencari makrifah, oleh Victor Said Basil; alih bahasa, Ahmadil Thaha =260 ##$$a 1990 $b Jakarta =300 ##$$a 147 hlm., 18 cm =650 ##$$a Ghazali =700 ##$$a Thaha, Ahmadil =850 ##$$a NBPNMAT